000 00540nam a2200181 4500
005 20250915144731.0
008 250915b |||||||| |||| 00| 0 eng d
040 _aMAIN
082 _a354.954
_bK115P
100 _aKadian, Rahul
245 _aPerformance appraisal of selected permanent lok adalats: An empirical study of Haryana
260 _bDepartment of Public Administration, M D University, Rohtak
_c2024
300 _a325
650 _aPublic Administration
700 _aRajesh Kumar
700 _aAnjana Rani
942 _cTH
999 _c393515
_d393515